LEADER 00948nam0-2200325---450- 001 990009528870403321 005 20140626163611.0 010 $a978-88-548-3926-7 035 $a000952887 035 $aFED01000952887 035 $a(Aleph)000952887FED01 035 $a000952887 100 $a20120214d2011----km-y0itay50------ba 101 0 $aita 102 $aIT 105 $aa-------001yy 200 1 $aScritture di viaggio$erelazioni di viaggiatori ed altre testimonianze letterarie e documentarie$fValeria Bertolucci Pizzorusso 210 $aRoma$cAracne$d2011 215 $a304 p.$cill.$d24 cm 225 1 $aA10$v714 610 0 $aLetteratura di viaggio 676 $a809.9332 700 1$aBertolucci,$bValeria$0157980 801 0$aIT$bUNINA$gRICA$2UNIMARC 901 $aBK 912 $a990009528870403321 952 $a809.9332 BER 1$bDip.f.m.18484$fFLFBC 959 $aFLFBC 996 $aScritture di viaggio$9855670 997 $aUNINA LEADER 01123nam--2200373---450- 001 990002889690203316 005 20090601110701.0 010 $a88-348-6456-5 035 $a000288969 035 $aUSA01000288969 035 $a(ALEPH)000288969USA01 035 $a000288969 100 $a20070327d2006----km-y0itay50------ba 101 $aita 102 $aIT 105 $a||||||||001yy 200 1 $a"Theatrum mundi" e "ragione"$edal relativismo giuridico all'omologazione sociale$fFrancesco Cammisa 210 $aTorino$cG. Giappichelli$dcopyr. 2006 215 $aXV, 269 p.$d21 cm 410 0$12001 454 1$12001 461 1$1001-------$12001 606 0 $aDiritto naturale$xTeorie$xStoria 676 $a340.11209 700 1$aCAMMISA,$bFrancesco$0165483 801 0$aIT$bsalbc$gISBD 912 $a990002889690203316 951 $aXXII.1.C 568 (IG XIX 636)$b52557 G$cXXII.1.C 568 (IG XIX)$d00208690 959 $aBK 969 $aGIU 979 $aCAPORASO$b90$c20070327$lUSA01$h1653 979 $aRSIAV5$b90$c20090601$lUSA01$h1107 996 $a"Theatrum mundi" e "ragione"$9989783 997 $aUNISA